00298nam a2200121Ia 4500008004100000100001300041245004000054260003700094300000900131650001400140942000700154999001500161190216s9999||||xx |||||||||||||| ||und|| aSeth M L 0aIntorduction To Keynesial Economics bLakshmi Narain Agarwal Pubc1983 a335p aEconomics cBK c9609d9609